| 000 -LEADER |
| fixed length control field |
00382pab a2200157 454500 |
| 008 - FIXED-LENGTH DATA ELEMENTS--GENERAL INFORMATION |
| fixed length control field |
180718b1985 xxu||||| |||| 00| 0 eng d |
| 100 ## - MAIN ENTRY--PERSONAL NAME |
| Personal name |
Singh, P. |
| 245 ## - TITLE STATEMENT |
| Title |
Conflict management strategy a scenario of avoidance |
| 260 ## - PUBLICATION, DISTRIBUTION, ETC. |
| Date of publication, distribution, etc. |
1985 |
| 300 ## - PHYSICAL DESCRIPTION |
| Extent |
57-84 |
| 362 ## - DATES OF PUBLICATION AND/OR SEQUENTIAL DESIGNATION |
| Dates of publication and/or sequential designation |
Autumn |
| 650 ## - SUBJECT ADDED ENTRY--TOPICAL TERM |
| Topical term or geographic name entry element |
Management |
| 700 ## - ADDED ENTRY--PERSONAL NAME |
| Personal name |
MS. Kokila Parthasarthy |
| 773 ## - HOST ITEM ENTRY |
| Main entry heading |
Abhijyan |
| 909 ## - |
| -- |
13080 |